Construction procurement: a momentous change (Record no. 118173)
[ view plain ]
| 000 -LEADER | |
|---|---|
| fixed length control field | 01434cam a2200241 4500 |
| 001 - CONTROL NUMBER | |
| control field | ABS68300 |
| 008 - FIXED-LENGTH DATA ELEMENTS--GENERAL INFORMATION | |
| fixed length control field | 041015n2004 000 0 eng u |
| 035 ## - SYSTEM CONTROL NUMBER | |
| System control number | (Sirsi) u127719 |
| 100 ## - MAIN ENTRY--PERSONAL NAME | |
| Personal name | Nisbet, J. |
| 245 ## - TITLE STATEMENT | |
| Title | Construction procurement: a momentous change |
| 260 ## - PUBLICATION, DISTRIBUTION, ETC. | |
| Date of publication, distribution, etc. | 2004 |
| 490 ## - SERIES STATEMENT | |
| Series statement | Building Economist |
| Volume/sequential designation | September 2004, 4-8(5) |
| 520 ## - SUMMARY, ETC. | |
| Summary, etc. | Looks at the government reform of the procurement system for construction. The reform involves the removal from the architect of the authority to certify and administer building contracts, making contractors responsible for design, construction and frequently maintenance and operation. It introduces a different criterion for the award of building contracts, amending the basis of payment and encouraging long term relationships between purchaser, contractor and the supply chain with fewer participants. Examines the principles involved in the reform and draws attention to some of the difficulties that may arise based upon the experience of traditional practice. Suggests the benefits of the reformed system have yet to be established. [Taken from journal abstract] |
| 590 ## - LOCAL NOTE (RLIN) | |
| Local note | ABS |
| 590 ## - LOCAL NOTE (RLIN) | |
| Local note | ABS |
| 650 ## - SUBJECT ADDED ENTRY--TOPICAL TERM | |
| Topical term or geographic name entry element | SUPPLY CHAIN |
| 650 ## - SUBJECT ADDED ENTRY--TOPICAL TERM | |
| Topical term or geographic name entry element | BUILT ENVIRONMENT-BUILDING CONTRACT FORMS |
| 650 ## - SUBJECT ADDED ENTRY--TOPICAL TERM | |
| Topical term or geographic name entry element | BUILDING CONTRACTORS |
| 650 ## - SUBJECT ADDED ENTRY--TOPICAL TERM | |
| Topical term or geographic name entry element | PURCHASERS |
| 650 ## - SUBJECT ADDED ENTRY--TOPICAL TERM | |
| Topical term or geographic name entry element | CERTIFICATION |
| 690 ## - LOCAL SUBJECT ADDED ENTRY--TOPICAL TERM (OCLC, RLIN) | |
| Topical term or geographic name as entry element | BUILDING AND CONSTRUCTION-PROCUREMENT, PARTNERING, TENDERING |
| 942 ## - ADDED ENTRY ELEMENTS (KOHA) | |
| Suppress in OPAC | 0 |
| Withdrawn status | Lost status | Source of classification or shelving scheme | Damaged status | Not for loan | Home library | Current library | Shelving location | Date acquired | Total Checkouts | Full call number | Barcode | Date last seen | Copy number | Price effective from | Koha item type |
|---|---|---|---|---|---|---|---|---|---|---|---|---|---|---|---|
| Dewey Decimal Classification | London | London | Journal article | 15/10/2004 | ABS68300 | 127719-1001 | 06/08/2019 | 1 | 06/08/2019 | Journal article |